Statistics for Top 9 US States with the Most Arabic Speakers

Click here to take the quiz!

General Stats

  • This quiz has been taken 347 times
  • The average score is 7 of 9

Answer Stats

SpeakersUS State% Correct
158,398California
97%
86,269New York
97%
54,340Texas
92%
34,698Florida
90%
53,251Illinois
78%
101,470Michigan
78%
51,011New Jersey
72%
33,125Ohio
71%
36,683Virginia
62%

Score Distribution

Percentile by Number Answered

Percent of People with Each Score

Your Score History

You have not taken this quiz